=LDR 00000nam 2200000 4500 =001 000302 =005 20250710015107 =035 ##$$a 0010-0725000153 =007 ta =008 250710################a##########0#ind## =020 ##$$a 978-623-307-423-0 =082 ##$$a 398.209 598 =084 ##$$a 398.209 598 SRI d =100 1#$$a srinivasan =245 1#$$a Dengarkan suara ayah, yuk! /$c venkataragvan subha srinivasan =250 ##$$a cetakan pertama =260 ##$$a Rawamangun :$b Badan pusat pengembangan danpembinaan bahasa,$c 2022 =300 ##$$a 20 hlm. : $b ilus. ; $c 21 cm. =650 #4$$a cerita anak indonesia-terjemahan =650 #4$$a literasi-bahan bacaan =856 ##$$a TBM AS Suhada =990 ##$$a TBM01000100